| 000 | 01071nam a22002417a 4500 | ||
|---|---|---|---|
| 001 | 254 | ||
| 003 | FISKH | ||
| 005 | 20240306160740.0 | ||
| 008 | 230310b cb ||||| |||| 00| 0 eng d | ||
| 020 | _a9781408329498 | ||
| 040 |
_aFISKH _beng _cFISKH _dFISKH |
||
| 050 | _aPZ7 | ||
| 082 | _a823.92 | ||
| 100 | _aMeres, Jonathan | ||
| 245 |
_aMay need rebooting / _cJonathan Meres |
||
| 300 |
_a295 pages _c20 cm |
||
| 490 |
_aThe world of norm _vBook 2 |
||
| 505 | _aH | ||
| 520 | _aNorm knew it was going to be one of those days when he woke up and found himself in 18th century France...If only he hadn't fallen asleep in History! And if only he'd done his punishment exercise! And if only he could go biking instead of playing stupid football! Except Norm can't go biking. Why not? BECAUSE HIS BIKE'S BEEN STOLEN, THAT'S WHY! Nightmare? It's worse than that...IT'S AN ABSO-FLIPPING-LUTE DISASTER! An award-winning, laugh-out-loud series for fans of Diary of a Wimpy Kid and David Walliams. | ||
| 521 | 8 |
_a470
_bLexile |
|
| 521 | 8 |
_aH _bRaz-Plus |
|
| 942 |
_2ddc _cBK _n0 |
||
| 999 |
_c254 _d254 |
||